000 00568nam a22001937a 4500
005 20251108165217.0
008 250721s1988 xx 000 0 ara d
082 1 4 _a914.6/احم
100 1 _aالسماوي، أحمد عبد الرحمن
245 1 0 _aرحلة إلى الفردوس المفقود :
_bرحلة إلى الأندلس /
250 _aط2
264 1 _aدمشق :
_bدار الفكر،
_c1988.
300 _a192ص : مص
650 1 7 _aإسبانيا
650 1 7 _aالأندلس
650 1 7 _aالسفر
942 _2ddc
_cREF
999 _c22228
_d22228